| 000 | 00460nam a2200169 i 4500 | ||
|---|---|---|---|
| 001 | bg | ||
| 100 | 1 | _aCUPACHIN, S. M. | |
| 245 | 0 |
_aAnaliticeskie vozmożnosti iskrovoj mass-spektrometrii / _cS.M. Cupachin, O.J. Krjuckova, G.J. Ramendik. |
|
| 260 |
_aMoskva, _c1972. |
||
| 700 | 1 | _aKRJUCKOVA, O. I. | |
| 700 | 1 | _aRAMENDIK, G. I. | |
| 040 | _cBPK | ||
| 041 | _apol | ||
| 080 | _a621.384:543.5 | ||
| 942 | _cKS | ||
| 008 | s pl f |000 0 pol | ||
| 999 |
_c14713 _d14713 |
||
| 856 |
_uhttp://koha.tu.koszalin.pl/cgi-bin/koha/opac-detail.pl?biblionumber=14713 _yKatalog online BPK |
||